[Event "Gausdal Jubilee"]
[Site "Gausdal"]
[Date "1983.??.??"]
[Round "2"]
[White "Kraidman, Yair"]
[Black "Tisdall, Jonathan D"]
[Result "1/2-1/2"]
[WhiteElo "2405"]
[BlackElo "2440"]

1.d4 Nf6 2.c4 e6 3.Nf3 c5 4.d5 exd5 5.cxd5 d6 6.Nc3 g6 7.e4 Bg7 8.Be2 O-O
9.O-O Re8 10.Nd2 Nbd7 11.a4 Ne5 12.Re1 g5 13.Nc4 Nxc4 14.Bxc4 Ng4 15.h3 Ne5
16.Bb5 Rf8 17.Be2 Kh8 18.Be3 Rg8 19.g4 Ng6 20.Qd2 Nf4 21.Bxf4 gxf4 22.Qxf4 Be5
23.Qe3 Qf6 24.Kg2 h5 25.Rh1 Rg6 26.Rag1 Bd4 27.Qg3 h4 28.Qf3 Qe5 29.Rf1 Rf6
30.Qd3 c4 31.f4 cxd3 32.fxe5 Rxf1 33.Bxf1 d2 34.Bd3 Bxe5 35.Rd1 Bd7 36.Bb5 Bxb5
37.axb5 Rc8 38.Rxd2 Rc4  1/2-1/2

[Event "Bundesliga 8283"]
[Site "Germany"]
[Date "1983.??.??"]
[Round "?"]
[White "Gerusel, Mathias"]
[Black "Tielemann, K."]
[Result "1-0"]
[WhiteElo "2390"]
[BlackElo "2225"]

1.d4 Nf6 2.c4 c5 3.d5 e6 4.Nc3 exd5 5.cxd5 d6 6.Nf3 g6 7.Nd2 Nbd7 8.e4 Bg7
9.Be2 O-O 10.f4 Re8 11.O-O a6 12.a4 c4 13.e5 dxe5 14.Nxc4 Nb6 15.fxe5 Nfxd5
16.Nxd5 Qxd5 17.Nd6 Rxe5 18.Nxf7 Qxd1 19.Bxd1 Re8 20.Nd6 Re7 21.Bg5 Re5 22.Bf4 Re7
23.Bb3+ Be6 24.Rae1 Bxb3 25.Rxe7 Nxa4 26.Be5 Bxe5 27.Rxe5 Nxb2 28.Re7 Rd8
29.Ne8 Rd1 30.Rg7+ Kh8 31.Rxd1 Nxd1 32.Rxb7  1-0

[Event "Hamar op"]
[Site "Hamar"]
[Date "1983.??.??"]
[Round "2"]
[White "Stigar, Petter"]
[Black "Bjarnason, Saevar"]
[Result "0-1"]
[WhiteElo "2240"]
[BlackElo "2420"]

1.d4 Nf6 2.c4 e6 3.Nf3 c5 4.d5 exd5 5.cxd5 d6 6.Nc3 g6 7.Bg5 Bg7 8.e3 h6
9.Bh4 g5 10.Bg3 Nh5 11.Nd2 Nxg3 12.hxg3 a6 13.a4 Nd7 14.Nc4 Ne5 15.Nxe5 Bxe5
16.Bd3 Bd7 17.O-O O-O 18.Qh5 Bg7 19.g4 Qc8 20.Be2 f5 21.gxf5 Bxf5 22.e4 Bd7
23.e5 Be8 24.Qh2 Bxe5 25.Qxh6 Qf5 26.Qe6+ Kg7 27.Qxf5 Rxf5 28.Rad1 Bxc3 29.bxc3 Bxa4
30.Rd2 Bb3 31.c4 a5 32.Rb1 a4 33.Bd1 Bxc4 34.Rxb7+ Rf7 35.Rb1 a3 36.Be2 a2
37.Ra1 Rb7  0-1

[Event "Havana"]
[Site "Havana"]
[Date "1983.??.??"]
[Round "5"]
[White "Remon, Adelquis"]
[Black "Vilela, Jose Luis"]
[Result "0-1"]
[WhiteElo "2375"]
[BlackElo "2440"]

1.d4 Nf6 2.c4 e6 3.Nf3 c5 4.d5 exd5 5.cxd5 d6 6.Nc3 g6 7.g3 Bg7 8.Bg2 O-O
9.O-O a6 10.a4 Nbd7 11.e4 Re8 12.Nd2 Ne5 13.Qe2 Rb8 14.f4 Bg4 15.Qe3 Ned7
16.Kh1 Nb6 17.Qf2 Nfxd5 18.Nxd5 Nxd5 19.Nb3 Qb6 20.Ra3 c4 21.exd5 Qxf2 22.Rxf2 cxb3
23.Rxb3 Bd4 24.Rf1 Be2 25.Bd2 Bxf1 26.Bxf1 Rbc8 27.Bd3 Re7 28.Rb4 Bc5 29.Rc4 Rce8
30.b4 Bb6 31.Rc2 Rc7 32.Rxc7 Bxc7 33.a5 Bd8 34.Kg2 Bf6 35.b5 axb5 36.Bxb5 Rc8
37.Bb4 Bc3 38.Bxd6 Rd8 39.Bc7 Rxd5 40.Be2 Bxa5 41.Be5 Rc5 42.Bd4 Rc8 43.Kf3 Bc3
44.Be3 Rd8 45.Bc4 Bd4 46.Bd2 Bg1 47.Ba5 Ra8  0-1

[Event "Havana-B"]
[Site "Havana"]
[Date "1983.??.??"]
[Round "13"]
[White "Nogueiras, Jesus"]
[Black "Garcia Martinez, Silvino"]
[Result "1/2-1/2"]
[WhiteElo "2490"]
[BlackElo "2435"]

1.d4 Nf6 2.c4 c5 3.d5 e6 4.Nc3 exd5 5.cxd5 d6 6.Nf3 g6 7.Bf4 Bg7 8.Qa4+ Bd7
9.Qb3 Qc7 10.e4 O-O 11.Be2 Nh5 12.Be3 a6 13.Nd2 b5 14.a4 bxa4 15.Nxa4 Bb5
16.Bxb5 axb5 17.Qxb5 f5 18.exf5 gxf5 19.Nc4 f4 20.Bd2 Qe7+ 21.Kd1  1/2-1/2

[Event "Poutiainen mem"]
[Site "Helsinki"]
[Date "1983.??.??"]
[Round "?"]
[White "Kuligowski, Adam"]
[Black "Karlsson, Lars"]
[Result "0-1"]
[WhiteElo "2420"]
[BlackElo "2505"]

1.d4 Nf6 2.c4 e6 3.Nf3 c5 4.d5 exd5 5.cxd5 d6 6.Nc3 g6 7.Bf4 a6 8.a4 Bg7
9.e4 O-O 10.Be2 Bg4 11.O-O Bxf3 12.Bxf3 Ne8 13.Qd2 Nd7 14.Rfe1 Ne5 15.Be2 f5
16.Bg5 Qd7 17.f4 Nf7 18.Bh4 Bd4+ 19.Kh1 Ng7 20.Bd3 g5 21.fxg5 f4 22.Be2 Ne5
23.Rf1 Ng6 24.Bf2 Be5 25.Bf3 Qe7 26.h4 Bd4 27.Rad1 Ne5 28.Ne2 Nc4 29.Qc1 Ne3
30.Rg1 Nxd1 31.Bxd4 cxd4 32.Rxd1 Rac8 33.Qd2 d3 34.Nxf4 Rc2 35.Qe3 Qe5 36.g3 Nf5
37.Qg1 Nxg3+ 38.Qxg3 Rxf4 39.g6 Rxf3 40.Qxf3 Qh2+  0-1

[Event "Helsinki"]
[Site "Helsinki"]
[Date "1983.??.??"]
[Round "6"]
[White "Gurevich, Dmitry"]
[Black "Wedberg, Tom"]
[Result "0-1"]
[WhiteElo "2470"]
[BlackElo "2500"]

1.d4 Nf6 2.c4 e6 3.Nf3 c5 4.d5 exd5 5.cxd5 d6 6.Nc3 g6 7.Bg5 Bg7 8.e3 O-O
9.Nd2 h6 10.Bh4 Na6 11.Bc4 Nc7 12.O-O a6 13.a4 Rb8 14.a5 b5 15.axb6 Rxb6
16.Ra2 Bd7 17.h3 Bb5 18.Re1 g5 19.Bg3 Nd7 20.Na4 Bxa4 21.Rxa4 Ne5 22.b3 Nb5
23.Qh5 Qe7 24.f4 Nd7 25.h4 Nf6 26.Qf3 g4 27.Qf1 Nc3 28.Bf2 Nxa4 29.bxa4 Rb2
30.Re2 Ne4 31.Nxe4 Qxe4 32.Rxb2 Bxb2 33.Qe2 Bg7 34.Bd3 Qxd5 35.e4 Qb3 36.e5 dxe5
37.fxe5 g3 38.Be1 Re8 39.Bc4 Qb1 40.Qf1 Re7 41.e6  0-1

[Event "Jurmala"]
[Site "Jurmala"]
[Date "1983.??.??"]
[Round "3"]
[White "Petrosian, Arshak B"]
[Black "Garcia Gonzales, Guillermo"]
[Result "1/2-1/2"]
[WhiteElo "2480"]
[BlackElo "2515"]

1.d4 Nf6 2.c4 e6 3.Nf3 c5 4.d5 exd5 5.cxd5 d6 6.Nc3 g6 7.Nd2 a6 8.a4 Nbd7
9.e4 Bg7 10.Be2 O-O 11.O-O Re8 12.Ra3 b6 13.f4 Rb8 14.Kh1 h5 15.Nc4 Nxe4
16.Nxe4 Rxe4 17.Nxd6 Rd4 18.Rd3 Nf6 19.Nxc8 Rxc8 20.Rxd4 cxd4 21.Bxa6 Rc5
22.f5 Qxd5 23.fxg6 fxg6 24.b4  1/2-1/2

[Event "Toth mem"]
[Site "Kecskemet"]
[Date "1983.??.??"]
[Round "?"]
[White "Lukacs, Peter"]
[Black "Groszpeter, Attila"]
[Result "0-1"]
[WhiteElo "2440"]
[BlackElo "2475"]

1.d4 Nf6 2.c4 e6 3.Nf3 c5 4.d5 exd5 5.cxd5 d6 6.Nc3 g6 7.Bf4 Bg7 8.a4 a6
9.e4 Bg4 10.Be2 Bxf3 11.Bxf3 O-O 12.O-O Qe7 13.Qc2 Nbd7 14.a5 Ne5 15.Be2 Nfd7
16.Be3 g5 17.Qd2 g4 18.Kh1 Kh8 19.f4 gxf3 20.gxf3 f5 21.exf5 Qh4 22.Rg1 Rxf5
23.f4 Ng6 24.Bg4 Raf8 25.Bxf5 Rxf5 26.Ne4 Nxf4 27.Nxd6 Rxd5 28.Qc3 Ng6 29.Qc4 Rxd6
30.Qxh4 Nxh4 31.Rad1 Bd4 32.b4 Nf5 33.bxc5 Nxc5 34.Bf4 Re6 35.Rg5 Ne4 36.Rxd4 Nxd4
37.Be5+ Rxe5 38.Rxe5 Nd6 39.Re7 N4f5 40.Rc7 Kg8 41.Kg2 Nh6 42.Kf3 Nhf7 43.Kf4 Kg7
44.Rc1 Kf6 45.Rc2 Ne5 46.Rc7 h6  0-1

[Event "Lloyds Bank op"]
[Site "London"]
[Date "1983.??.??"]
[Round "?"]
[White "Tarjan, James Edward"]
[Black "Fischdick, Gisela"]
[Result "1-0"]
[WhiteElo "2535"]
[BlackElo "2180"]

1.d4 Nf6 2.c4 c5 3.d5 e6 4.Nc3 exd5 5.cxd5 d6 6.Nf3 g6 7.Bf4 Bg7 8.Qa4+ Bd7
9.Qb3 Qc7 10.e4 O-O 11.Be2 Nh5 12.Be3 a6 13.O-O Bg4 14.h3 Bxf3 15.Bxf3 Nd7
16.Bxh5 gxh5 17.Ne2 Rae8 18.f3 Qb6 19.Qc2 f5 20.Nf4 Bh6 21.Rae1 Rf7 22.Kh2 fxe4
23.Ne6 Bg7 24.Nxg7 Rxg7 25.Bd2 Qb5 26.a4 Qb6 27.Bc3 Rge7 28.Qf2 Ne5 29.f4 Ng6
30.Qg3 Kf8 31.Qg5 Rf7 32.Qxh5 Qd8 33.f5 Ne5 34.f6 Ng6 35.Re3 b5 36.Rg3 b4
37.Rxg6  1-0

[Event "New York Kavkasian"]
[Site "New York"]
[Date "1983.??.??"]
[Round "?"]
[White "Bass, Leonid"]
[Black "Lobron, Eric"]
[Result "1/2-1/2"]
[WhiteElo "2460"]
[BlackElo "2480"]

1.d4 Nf6 2.c4 e6 3.Nf3 c5 4.d5 exd5 5.cxd5 d6 6.Nc3 g6 7.Bg5 h6 8.Bh4 a6
9.a4 Bg7 10.Nd2 Nbd7 11.Bg3 O-O 12.e4 Ne8 13.Nc4 Qe7 14.Be2 f5 15.exf5 gxf5
16.Qd2 Rb8 17.Bf4 b5 18.axb5 axb5 19.Na5 b4 20.Nc6 Qf6 21.Nd1 Rb7 22.O-O Nb6
23.Ba6 Rd7 24.Bxc8 Nxc8 25.Ra8 Nc7 26.Rb8 Kh7 27.b3 Ne7 28.Rxf8 Bxf8 29.Nxe7 Rxe7
30.Ne3 Re4 31.g3 Rd4 32.Qc2 Kg6 33.Rd1 Nb5  1/2-1/2

[Event "New York Kavkasian"]
[Site "New York"]
[Date "1983.??.??"]
[Round "?"]
[White "Burger, Karl"]
[Black "Lobron, Eric"]
[Result "0-1"]
[WhiteElo "2360"]
[BlackElo "2480"]

1.d4 Nf6 2.Nf3 e6 3.c4 c5 4.d5 exd5 5.cxd5 d6 6.Nc3 g6 7.Bf4 a6 8.a4 Bg7
9.e4 O-O 10.Be2 Bg4 11.O-O Bxf3 12.Bxf3 Qe7 13.Re1 Nbd7 14.Qc2 Ne8 15.Qd2 Nc7
16.Bg5 f6 17.Bh6 Bxh6 18.Qxh6 b5 19.b3 b4 20.Nd1 f5 21.Qd2 Ne5 22.Nb2 f4
23.Nd3 h5 24.Be2 Nxd3 25.Qxd3 Qe5 26.Qh3 Rf7 27.Rad1 Kg7 28.Bc4 a5 29.Qd3 g5
30.f3 Kf6 31.Kf2 Rg8 32.Qb1 g4 33.Qa1 Rfg7 34.Bf1 Qxa1 35.Rxa1 Ke5 36.Rad1 Ne8
37.Ke2 Nf6 38.Kd3 c4+ 39.bxc4 Nd7 40.Kc2 Nc5  0-1

[Event "Nis"]
[Site "Nis"]
[Date "1983.??.??"]
[Round "4"]
[White "Schmidt, Wlodzimierz"]
[Black "Zivkovic, Branimir"]
[Result "1-0"]
[WhiteElo "2450"]
[BlackElo "2200"]

1.d4 Nf6 2.c4 c5 3.d5 e6 4.Nc3 exd5 5.cxd5 d6 6.Nf3 g6 7.Bf4 a6 8.a4 Bg7
9.e4 O-O 10.Nd2 Qe7 11.Be2 Nbd7 12.O-O Ne5 13.h3 Rb8 14.a5 Ne8 15.Bg3 f5
16.f4 Nf7 17.exf5 Bxf5 18.Nc4 Nc7 19.Re1 Qf6 20.Qb3 h5 21.Kh1 h4 22.Bh2 Bh6
23.Bf1 Ne8 24.Ne4 Qd8 25.Qa3 Nc7 26.b4 cxb4 27.Qxb4 Nxd5 28.Qd2 Bxe4 29.Rxe4 Bg7
30.Rae1 Nf6 31.Rd4 Ne8 32.Rd3 Rc8 33.Ne5 Kh7 34.Rd5 Nh6 35.Bd3 Nf5 36.Nxg6 Kxg6
37.Re6+ Kf7 38.Bxf5 Kg8 39.Bg6 Qc7 40.Bg1 Nf6 41.Rdxd6 Qc1 42.Rxf6  1-0

[Event "Nis"]
[Site "Nis"]
[Date "1983.??.??"]
[Round "5"]
[White "Pavlovic, Dragan"]
[Black "Abramovic, Bosko"]
[Result "1/2-1/2"]
[WhiteElo "2345"]
[BlackElo "2480"]

1.d4 Nf6 2.Nf3 e6 3.c4 c5 4.d5 exd5 5.cxd5 d6 6.Nc3 g6 7.g3 Bg7 8.Bg2 O-O
9.O-O Nbd7 10.h3 a6 11.a4 Rb8 12.Bf4 Qe7 13.Rb1 Nh5 14.Bg5 f6 15.Bd2 f5 16.b4 cxb4
17.Rxb4 Nxg3 18.fxg3 Bxc3 19.Bxc3 Qe3+ 20.Kh2 Qxc3 21.Qd4 Qxd4 22.Nxd4 Re8
23.Rc1 Kf7 24.Rc7 Kf6 25.a5 h6 26.Bf3 Ra8 27.Kg2 Re7 28.Rc3 Nc5 29.Nb3 Ne4
30.Bxe4 Rxe4 31.Rxe4 fxe4 32.Nd2 Bd7 33.Rc7 Rd8 34.Nxe4+ Ke5 35.Nc3 Kd4 36.e4 h5
37.h4 Bg4 38.Na4 Rf8 39.Rxb7 Bf3+ 40.Kg1 Bxe4 41.Rb4+ Ke5 42.Nb6 Rf3 43.Nc4+ Kxd5
44.Nxd6 Bd3 45.Kg2 Rf8 46.Kg1 Rf1+ 47.Kg2 Ra1 48.Nb7 Rb1 49.Rxb1 Bxb1 50.Kf3 Kc6
51.Nd8+ Kb5 52.Nb7 Kc6 53.Nd8+ Kb5 54.Nb7 Ba2 55.Kf4 Kc6 56.Kg5 Kxb7 57.Kxg6 Kc6  1/2-1/2

[Event "Nis"]
[Site "Nis"]
[Date "1983.??.??"]
[Round "12"]
[White "Schmidt, Wlodzimierz"]
[Black "Abramovic, Bosko"]
[Result "0-1"]
[WhiteElo "2450"]
[BlackElo "2480"]

1.d4 Nf6 2.c4 e6 3.Nf3 c5 4.d5 exd5 5.cxd5 d6 6.Nc3 g6 7.Bf4 a6 8.a4 Bg7
9.e4 Bg4 10.Be2 Bxf3 11.Bxf3 O-O 12.O-O Qe7 13.Re1 Nbd7 14.a5 Ne5 15.Be2 Rfb8
16.Qc2 b5 17.axb6 Rxb6 18.Ra2 Ne8 19.Be3 g5 20.Rea1 Nc7 21.Qd2 h6 22.Na4 Rb3
23.Bxc5 dxc5 24.d6 Qd8 25.Qd1 Rb4 26.dxc7 Qxc7 27.Qd5 Rd8 28.Qxc5 Qb8 29.Qc2 Rbd4
30.Rd1 Rxd1+ 31.Bxd1 Nd3 32.Ra3 Qb4 33.Nc3 Nxb2 34.Rb3 Bxc3 35.Bh5 Qa5 36.Rxc3 Nd1  0-1

[Event "SVK-ch"]
[Site "Nova Bana"]
[Date "1983.??.??"]
[Round "6"]
[White "Veselsky, Jozef"]
[Black "Petrik, Stanislav"]
[Result "0-1"]
[WhiteElo "2200"]
[BlackElo "2200"]

1.d4 Nf6 2.Nf3 c5 3.d5 e6 4.c4 exd5 5.cxd5 d6 6.Nc3 g6 7.Bg5 Bg7 8.Qd2 h6
9.Bh4 O-O 10.e4 Re8 11.Bb5 Bd7 12.Bxd7 Nbxd7 13.O-O a6 14.a4 g5 15.Bg3 Nxe4
16.Nxe4 Rxe4 17.Bxd6 Qb6 18.Bg3 Rae8 19.Rae1 Qxb2 20.Rb1 Qxd2 21.Nxd2 Rd4
22.Rxb7 Rxd2 23.Rxd7 f5 24.Bc7 Bd4 25.Ba5 Ra2 26.d6 Rxa4 27.Rd8 Kf7 28.d7 Rxd8
29.Bxd8 Ke6 30.Bxg5 Kxd7 31.Bxh6 c4 32.Be3 c3 33.Rc1 Bh8 34.Kf1 f4 35.Rd1+ Kc6
36.Bc1 Be5 37.Ke2 a5 38.Kd3 Kc5 39.g3 Rd4+ 40.Kc2 Rxd1 41.Kxd1 f3 42.h4 Kc4
43.h5 Kb3 44.h6 a4 45.g4 a3 46.Bxa3 Kxa3 47.Kc2 Kb4 48.g5 Bf4  0-1

[Event "Nordic-tt"]
[Site "Oslo"]
[Date "1983.??.??"]
[Round "?"]
[White "Gruen, Peter"]
[Black "Hjartarson, Johann"]
[Result "0-1"]
[WhiteElo "2290"]
[BlackElo "2395"]

1.d4 Nf6 2.Nf3 e6 3.c4 c5 4.d5 exd5 5.cxd5 d6 6.Nc3 g6 7.Bf4 a6 8.a4 Bg7
9.e4 O-O 10.Be2 Nh5 11.Bg5 Qc7 12.Nd2 h6 13.Be3 Nf6 14.O-O Nbd7 15.f4 Re8
16.Qc2 Nb6 17.Bf2 Nfxd5 18.exd5 Bxc3 19.bxc3 Rxe2 20.Qd3 Qe7 21.Rae1 Rxe1
22.Rxe1 Bf5 23.Qf3 Qd7 24.a5 Na4 25.Nc4 b5 26.axb6 Rb8 27.Bh4 Nxb6 28.Nxb6 Rxb6
29.Bf6 Rb8 30.Qe3 c4 31.h3 Kh7 32.Kh2 Bd3 33.Qd4 Re8 34.Rxe8 Qxe8 35.Qa7 Be4
36.Qxa6 Bxd5 37.Qa1 Qe2 38.Qg1 Qd2 39.Kg3 h5 40.h4 Qe2 41.Kh2 Qg4 42.Qf2 Bxg2
43.Qg3 Qf5 44.Qg5 Qh3+ 45.Kg1 Qh1+ 46.Kf2 Qf1+ 47.Kg3 Be4  0-1

[Event "Nordic-tt"]
[Site "Oslo"]
[Date "1983.??.??"]
[Round "?"]
[White "Szymczak, Zbigniew"]
[Black "Ornstein, Axel"]
[Result "0-1"]
[WhiteElo "2420"]
[BlackElo "2455"]

1.d4 Nf6 2.c4 e6 3.Nc3 c5 4.d5 exd5 5.cxd5 d6 6.Nf3 g6 7.Nd2 Nbd7 8.e4 Bg7
9.Be2 O-O 10.O-O Re8 11.a4 Ne5 12.Ra3 Qe7 13.Qc2 Nh5 14.Bxh5 gxh5 15.Nd1 Bd7
16.Ne3 Rad8 17.Nf5 Bxf5 18.exf5 Ng4 19.h3 Nf6 20.Nc4 Qe4 21.Qxe4 Rxe4 22.Na5 Rd7
23.Rd1 Nxd5 24.Rxd5 Re1+ 25.Kh2 Rxc1 26.Rb3 h4 27.Rxb7 Rxb7 28.Nxb7 Be5+
29.g3 Rc2 30.Kg1 hxg3 31.fxg3 Rxb2 32.Nxd6 f6 33.Ne4 c4 34.Rd8+ Kf7 35.Rc8 c3
36.Nxc3 Rc2 37.Rh8  0-1

[Event "EU-chT Plovdiv"]
[Site "Plovdiv"]
[Date "1983.??.??"]
[Round "3"]
[White "Tukmakov, Vladimir B"]
[Black "Lau, Ralf"]
[Result "1-0"]
[WhiteElo "2580"]
[BlackElo "2395"]

1.d4 Nf6 2.c4 e6 3.Nf3 c5 4.d5 exd5 5.cxd5 d6 6.Nc3 g6 7.e4 Bg7 8.Bf4 O-O
9.Nd2 Nh5 10.Be3 Nd7 11.Be2 Ne5 12.O-O Qh4 13.Nf3 Nxf3+ 14.Bxf3 Re8 15.Re1 a6
16.Qd2 Qe7 17.Bxh5 gxh5 18.Bh6 Be5 19.Bf4 Bd7 20.Bxe5 Qxe5 21.Qh6 f5 22.f4 Qd4+
23.Kh1 fxe4 24.Qxd6 Bf5 25.Ne2 Qxb2 26.Ng3 Bg6 27.Rab1 Qg7 28.f5 Rad8 29.Qf4 Bf7
30.Rxb7 Rxd5 31.Nxh5 Qc3 32.Qg5+ Bg6 33.Nf6+ Kh8 34.Qh4 Rxf5  1-0

[Event "EU-chT Plovdiv"]
[Site "Plovdiv"]
[Date "1983.??.??"]
[Round "4"]
[White "Gruen, Peter"]
[Black "Cebalo, Miso"]
[Result "1/2-1/2"]
[WhiteElo "2290"]
[BlackElo "2460"]

1.d4 Nf6 2.Nf3 e6 3.c4 c5 4.d5 exd5 5.cxd5 d6 6.Nc3 g6 7.Bf4 a6 8.a4 Bg7
9.e4 Bg4 10.Be2 O-O 11.O-O Re8 12.Nd2 Bxe2 13.Qxe2 Nh5 14.Be3 Nd7 15.a5 Bd4
16.Ra4 Qf6 17.Qd3 Bxe3 18.Qxe3 b5 19.axb6 Nxb6 20.Ra2 Nf4 21.Qf3 Qg5 22.b3 Qe5
23.Rc2 f5 24.exf5 Qxf5 25.Nde4 Rf8 26.Ra2 Qe5 27.Qd1 Nbxd5 28.Nxd5 Qxe4 29.Nxf4 Qxf4
30.g3 Qf6 31.Qd5+ Kg7 32.Rd2 Rad8 33.Re1 Rfe8  1/2-1/2

[Event "Prague"]
[Site "Prague"]
[Date "1983.??.??"]
[Round "6"]
[White "Pekarek, Ales"]
[Black "Adamski, Jan"]
[Result "1/2-1/2"]
[WhiteElo "2335"]
[BlackElo "2425"]

1.d4 Nf6 2.c4 e6 3.Nf3 c5 4.d5 exd5 5.cxd5 d6 6.Nc3 g6 7.e4 Bg7 8.Be2 O-O
9.Nd2 Na6 10.O-O Nc7 11.a4 Re8 12.Ra3 b6 13.Qc2 Rb8 14.Nc4 Ba6 15.Bf4 Bxc4
16.Bxc4 a6 17.Bd3 b5 18.axb5 axb5 19.Ra7 c4 20.Be2 b4 21.Nd1 Rxe4 22.Bg5 Re7
23.Bxc4 Ncxd5 24.Ra6 h6 25.Bh4 Nb6 26.Bxf6 Bxf6 27.Qxg6+ Bg7 28.Bb3 d5 29.Qd3 d4
30.Bc2 Ra8 31.Rxa8 Qxa8 32.f3 Nd5 33.Nf2 Ne3 34.Re1 Qa2 35.Ng4 Qe6 36.Qb5 Qd6
37.Nxe3 dxe3 38.Re2 Bxb2 39.g3 Bd4 40.Kg2 Re5 41.Qd3 Rc5 42.Qe4 Rc3 43.Bd3 b3
44.Rxe3 Bxe3  1/2-1/2

[Event "Kamen Piskov mem 3"]
[Site "Ruse"]
[Date "1983.??.??"]
[Round "12"]
[White "Peev, Peicho Chonev"]
[Black "Kovacevic, Slobodan"]
[Result "1-0"]
[WhiteElo "2410"]
[BlackElo "2320"]

1.d4 Nf6 2.c4 e6 3.Nf3 c5 4.d5 exd5 5.cxd5 d6 6.Nc3 g6 7.Bg5 h6 8.Bh4 a6
9.a4 g5 10.Bg3 Nh5 11.e3 Bg7 12.Bd3 Nxg3 13.hxg3 Qe7 14.Qc2 Nd7 15.Nd2 Ne5
16.Bf5 Bxf5 17.Qxf5 Qd7 18.Nde4 Ke7 19.Qxd7+ Kxd7 20.Ke2 f5 21.Nd2 Rhe8 22.a5 Re7
23.Na4 Rd8 24.Rab1 Kc7 25.b4 cxb4 26.Rxb4 Kb8 27.Rc1 Rc8 28.Rxc8+ Kxc8 29.f4 Ng4
30.e4 gxf4 31.gxf4 Nf6 32.Nb6+ Kb8 33.Kf3 Rc7 34.e5 Rc3+ 35.Ke2 dxe5 36.fxe5 Ng4
37.e6 Re3+ 38.Kf1 Bc3 39.Rc4 Bxa5 40.Rc8+ Ka7 41.Nbc4 Bb4 42.Rd8 Rd3 43.d6 Bxd2
44.e7 Bb4 45.Ke2 Rd4 46.e8=Q Rxc4 47.Ra8+ Kb6 48.d7 Rc2+ 49.Kd3 Rc3+ 50.Kd4 Rc7
51.d8=Q Bc3+ 52.Kd3 Ne5+ 53.Ke2 Nc6 54.Qe3+ Nd4+  1-0

[Event "Tatran Cup"]
[Site "Stary Smokovec"]
[Date "1983.??.??"]
[Round "2"]
[White "Meduna, Eduard"]
[Black "Nun, Josef"]
[Result "1/2-1/2"]
[WhiteElo "2465"]
[BlackElo "2390"]

1.d4 Nf6 2.c4 c5 3.d5 e6 4.Nc3 exd5 5.cxd5 d6 6.Nf3 g6 7.Bf4 Bg7 8.Qa4+ Bd7
9.Qb3 Qc7 10.e4 O-O 11.Be2 a6 12.a4 Bg4 13.O-O Re8 14.Qc2 Nbd7 15.a5 Re7
16.Rfe1 Rae8 17.Nd2 Bxe2 18.Rxe2 Nh5 19.Bg5 Bf6 20.Bxf6 Nhxf6 21.Nc4 b5 22.axb6 Nxb6
23.Na5 Ra8 24.Nc6 Ree8 25.Ree1 Nfd7 26.b4 Ne5 27.bxc5 Nxc6 28.Nb5  1/2-1/2

[Event "Tbilisi"]
[Site "Tbilisi"]
[Date "1983.??.??"]
[Round "?"]
[White "Nogueiras, Jesus"]
[Black "Foisor, Ovidiu"]
[Result "1/2-1/2"]
[WhiteElo "2485"]
[BlackElo "2460"]

1.d4 Nf6 2.c4 e6 3.Nf3 c5 4.d5 exd5 5.cxd5 d6 6.Nc3 g6 7.Bf4 a6 8.a4 Bg7
9.e4 Bg4 10.Be2 O-O 11.O-O Bxf3 12.Bxf3 Qe7 13.e5 dxe5 14.d6 Qe6 15.Bg5 Nbd7
16.Bxb7 Ra7 17.Bf3 h6 18.Be3 Rb8 19.Qd2 Rb6 20.Rfd1 Bf8 21.Bd5 Nxd5 22.Nxd5 Rxd6
23.b4 Nb6 24.bxc5 Rxd5 25.cxb6 Rxd2 26.bxa7 Rxd1+ 27.Rxd1 Qb3 28.Rc1 Qb7
29.h4 Kg7 30.Bb6 Bd6 31.Rd1 Be7 32.g3 g5 33.hxg5 hxg5 34.a5 Kf6 35.Rb1 Ke6
36.Rb2 Ba3 37.Rb3 Bd6 38.Be3 Qc8 39.Bxg5 f6 40.Be3 Kd5 41.Rb8 Qxb8 42.axb8=Q Bxb8
43.g4 Bc7 44.Bd2 Kc4 45.Kg2 e4 46.Kf1 Kd3 47.Bb4 Bd8 48.Kg2 Kc4 49.Bd2 Kd4
50.Kf1 Kd3 51.Bb4 Kc4 52.Bd2  1/2-1/2

[Event "Tbilisi"]
[Site "Tbilisi"]
[Date "1983.??.??"]
[Round "?"]
[White "Murshed, Niaz"]
[Black "Gavrikov, Viktor"]
[Result "0-1"]
[WhiteElo "2405"]
[BlackElo "2485"]

1.d4 Nf6 2.Nf3 e6 3.c4 c5 4.d5 exd5 5.cxd5 d6 6.Nc3 g6 7.e4 Bg7 8.Bg5 a6
9.Nd2 h6 10.Bh4 b5 11.Be2 O-O 12.Qc2 Nbd7 13.a4 b4 14.Nd1 Re8 15.Ne3 b3 16.Qb1 Qc7
17.O-O Rb8 18.Bg3 Ne5 19.Ra3 Rb4 20.Rd1 g5 21.Rxb3 Rxa4 22.Qc2 Bd7 23.Ra3 Rxa3
24.bxa3 Ng6 25.Nec4 Nf4 26.Bxf4 gxf4 27.Bd3 Rb8 28.Nf3 Bg4 29.Rb1 Rb5 30.Ncd2 Rxb1+
31.Qxb1 Nd7 32.Nc4 Bxf3 33.gxf3 Bd4 34.Qb3 Qd8 35.Nxd6 Ne5 36.Nf5 Qg5+ 37.Kf1 Nxf3
38.Ke2 Qg2 39.Qb8+ Kh7 40.Qxf4 Qxf2+  0-1

[Event "Tbilisi"]
[Site "Tbilisi"]
[Date "1983.??.??"]
[Round "?"]
[White "Henley, Ron W"]
[Black "Murshed, Niaz"]
[Result "1-0"]
[WhiteElo "2525"]
[BlackElo "2405"]

1.d4 Nf6 2.c4 e6 3.Nf3 c5 4.d5 exd5 5.cxd5 d6 6.Nc3 g6 7.Bf4 a6 8.a4 Bg7
9.e4 O-O 10.Be2 Nh5 11.Bg5 Qb6 12.Qc1 Bg4 13.O-O Re8 14.h3 Bxf3 15.Bxf3 Nf6
16.a5 Qc7 17.Qf4 Nfd7 18.Bh6 Bh8 19.h4 b5 20.axb6 Nxb6 21.Ra2 N8d7 22.Rb1 Be5
23.Qd2 Qb7 24.b3 Nf6 25.Be2 Nbd7 26.Bf4 Bxf4 27.Qxf4 Qb4 28.Rc1 Qxb3 29.Rxa6 Rxa6
30.Bxa6 Ra8 31.Bb5 Qb2 32.Bf1 Kg7 33.Nb5 Nxe4 34.Re1 Ndf6 35.Rxe4 Ra1 36.Nxd6 Qb1
37.Ne8+ Nxe8 38.Rxe8 Qxf1+ 39.Kh2 Re1 40.Rc8 Re2 41.Rc7  1-0

[Event "Tirnavia-B"]
[Site "Trnava"]
[Date "1983.??.??"]
[Round "3"]
[White "Nun, Josef"]
[Black "Horvath, Gyula"]
[Result "1/2-1/2"]
[WhiteElo "2380"]
[BlackElo "2285"]

1.d4 c5 2.d5 Nf6 3.Nf3 e6 4.c4 exd5 5.cxd5 d6 6.Nc3 g6 7.Bf4 a6 8.a4 Bg7
9.e3 O-O 10.Be2 Bg4 11.h3 Bxf3 12.Bxf3 Qe7 13.O-O Nbd7 14.a5 Rfb8 15.Be2 b5
16.axb6 Rxb6 17.Qc2 Ne8 18.Ra2 Ne5 19.e4 Nc7 20.Bc1 Rab8 21.Na4 R6b7 22.Nc3 Rb6
23.Na4 Rb4 24.Nc3 Nc4 25.Nd1 Nb6 26.f3 Nb5 27.Bxb5 axb5 28.Bd2 Rc4 29.Qb1 Ra4
30.Rxa4 Nxa4 31.b3 Nb6 32.Bc3 c4 33.Bxg7 Kxg7 34.bxc4 Nxc4 35.Nf2 Qe5 36.f4 Qxf4
37.Ng4 Qd2 38.Qa1+ Qb2 39.Rxf7+ Kxf7 40.Qa7+ Ke8 41.Qxb8+ Kd7 42.Qb7+  1/2-1/2

[Event "URS-ch sf"]
[Site "Volgodonsk"]
[Date "1983.??.??"]
[Round "?"]
[White "Karpeshov, Oleg"]
[Black "Razuvaev, Yuri S"]
[Result "1/2-1/2"]
[WhiteElo "2200"]
[BlackElo "2520"]

1.d4 Nf6 2.c4 e6 3.Nf3 c5 4.d5 exd5 5.cxd5 d6 6.Nc3 g6 7.e4 Bg7 8.Nd2 O-O
9.Be2 Nbd7 10.O-O Re8 11.Re1 Ne5 12.a4 Nh5 13.Nf1 f5 14.exf5 Bxf5 15.Be3 Nf6
16.Ng3 Nfg4 17.Nxf5 gxf5 18.Bf4 Bh6 19.Bxg4 Nxg4 20.Qf3 Qf6 21.Nb5 Ne5 22.Qg3+ Kh8
23.Nc7 Bxf4 24.Qxf4 Rg8 25.Nxa8 Nd3 26.Qf3 Nxe1 27.Rxe1 Rxa8 28.g3 Rf8 29.b3 f4
30.Re6 Qg7 31.g4 Rf6 32.Re8+ Rf8 33.Re6 Rf6 34.h3 Rxe6 35.dxe6 Qe5 36.Qxb7 Qxe6
37.Qb8+ Kg7 38.Qxa7+ Kg6 39.Qb7 d5 40.Kh2 f3 41.Qc7 d4 42.Kg3 d3 43.h4 Qd5
44.Qe7 Qd4 45.g5 d2 46.Qe6+ Kg7 47.Qe7+ Kg6 48.Qe6+ Kg7  1/2-1/2

[Event "Vrnjacka Banja"]
[Site "Vrnjacka Banja"]
[Date "1983.??.??"]
[Round "3"]
[White "Schmidt, Wlodzimierz"]
[Black "Martinovic, Slobodan"]
[Result "1/2-1/2"]
[WhiteElo "2450"]
[BlackElo "2445"]

1.d4 Nf6 2.c4 e6 3.Nf3 c5 4.d5 exd5 5.cxd5 d6 6.Nc3 g6 7.Bg5 h6 8.Bh4 a6
9.a4 Bg7 10.e3 g5 11.Bg3 Nh5 12.Bd3 Nxg3 13.hxg3 O-O  1/2-1/2

[Event "Vrnjacka Banja"]
[Site "Vrnjacka Banja"]
[Date "1983.??.??"]
[Round "5"]
[White "Paunovic, Dragan"]
[Black "Barlov, Dragan"]
[Result "1-0"]
[WhiteElo "2320"]
[BlackElo "2435"]

1.d4 Nf6 2.c4 c5 3.d5 e6 4.Nc3 exd5 5.cxd5 d6 6.Nf3 g6 7.Bg5 h6 8.Bh4 Bg7
9.e3 O-O 10.Nd2 a6 11.a4 Nbd7 12.Be2 Re8 13.O-O g5 14.Bg3 Ne5 15.h3 Bf5 16.Bxe5 Rxe5
17.Nc4 Re7 18.a5 Qc7 19.Bd3 Bxd3 20.Qxd3 Rae8 21.Qf5 Nd7 22.Na4 Ne5 23.Nab6 Ng6
24.g3 Ne5 25.Kh2 Nxc4 26.Nxc4 Re4 27.Rac1 Rxc4 28.Rxc4 Qxa5 29.b3 Qb5 30.Qd3 Qd7
31.Re4 Rxe4 32.Qxe4 b5 33.f4 a5 34.fxg5 hxg5 35.h4 a4 36.bxa4 bxa4 37.Rb1 Qc8
38.Qxa4 Qf5 39.Rg1 Be5 40.Kg2 Bf6 41.Qc4 Qg6 42.hxg5 Qxg5 43.Rf1 Be5 44.Rf3 Qg6
45.e4 Qg5 46.Qd3 Qg6 47.Qc4 Qg5 48.Qd3 Qg6 49.Qe2 Kf8 50.Ra3 Kg7 51.Qf3 c4
52.Qf5 Qxf5 53.exf5 Kf6 54.g4 Bb2 55.Ra7 c3 56.Rc7 Ke5 57.Kf3 f6 58.Ke2 Kxd5
59.Kd3 Ke5 60.Rc4 d5 61.Rb4 Ba3 62.Ra4 Bb2 63.Kc2 Kd6 64.Rf4 Ke5 65.Rf1 Ba3
66.Kxc3 Ke4 67.Re1+ Kf4 68.Kd4  1-0

[Event "Vrnjacka Banja"]
[Site "Vrnjacka Banja"]
[Date "1983.??.??"]
[Round "13"]
[White "Schmidt, Wlodzimierz"]
[Black "Franco Ocampo, Zenon"]
[Result "1-0"]
[WhiteElo "2450"]
[BlackElo "2500"]

1.d4 Nf6 2.c4 e6 3.Nf3 c5 4.d5 exd5 5.cxd5 d6 6.Nc3 g6 7.Bf4 a6 8.a4 Bg7
9.e4 O-O 10.Be2 Bg4 11.O-O Re8 12.Nd2 Bxe2 13.Qxe2 Nh5 14.Be3 Nd7 15.g4 Nhf6
16.f3 Qc7 17.a5 b5 18.axb6 Nxb6 19.Kh1 Qb7 20.Ra3 Nfd7 21.Nb3 Ne5 22.Na5 Qd7
23.Rg1 f5 24.gxf5 gxf5 25.Rb3 Reb8 26.Nc6 Nxc6 27.dxc6 Qxc6 28.Bh6 Ra7 29.Nd5 Kh8
30.Rxg7 Rxg7 31.Bxg7+ Kxg7 32.Qg2+  1-0